00770nam a2200217Ia 4500003000900000008004100009020002200050040001600072080001600088100002800104245009000132260004200222300001300264650002200277650003000299700003000329700003400359942000700393999001700400952013500417IN-BaIIA211028s9999 xx 000 0 eng d a978-3-527-41034-7 cIIA Library a52-337bRUD aRudiger, Gunther936001 0aMagnetic processes in astrophysicsbtheory, simulations, experimentscGunther Rudiger aWeinheimbWiley-VCH Verlag Gmbhc2013 ax, 346p. aAstrophysics9794 aMagnetic processes936002 aHollerbach, Rainer936003 aKitchatinov, Leonid L.936004 cBK c18832d18832 00104070aBANbBANcGENd2013-12-18eANJ g10098.00l0o52-337/ RUDp19754r2021-11-05v10098.00w2013-12-18yBKGRs. 10098.00